| 000 | 00392nam a22001577a 4500 | ||
|---|---|---|---|
| 999 |
_c256915 _d256914 |
||
| 003 | OSt | ||
| 005 | 20180717105230.0 | ||
| 008 | 180717b xxu||||| |||| 00| 0 eng d | ||
| 020 | _a978-0-495-90538-7 | ||
| 040 | _cn/a | ||
| 100 | _aLaraine Flemming | ||
| 245 | _aReading for results | ||
| 250 | _a11th edition | ||
| 260 |
_aAustralia _bWadsworth cengage learning _c2011 |
||
| 942 |
_2lcc _cBK |
||